Datum a čas kvízu
25.5
Celkem bodů
Celkový počet nahraných bodů na tomto kvízu bez doplňovacích otázek.
6.
Pořadí na kvízu
Konečné umístění týmu na tomto kvízu.
Zaznamenané odpovědi
| # | Otázka | Odpověď | Body | Výsledky |
|---|---|---|---|---|
| 1. | Česká televize chtěla ve čtvrt... | Hamáčkův hlas zněl velmi hluboko. | 0 | |
| 2. | V britském městě Ipswich pojme... | Ivan Blatný | 0 | |
| 3. | Den po sobě, ve středu a ve čt... | Hugh Grant, Colin Firth | 0 | |
| 4. | Americký technologický gigant... | Intel | 1 | |
| 5. | Jak se jmenuje zkušený hokejis... | Tomáš Plekanec | 1 | |
| 6. | Za celou historii udělování No... | Marie Curie-Skłodowská | 1 | |
| 7. | Pouze dvěma Čechům v historii... | Jaroslav Heyrovský, Jaroslav Seifert | 1 | |
| 8. | V roce 1954 obdržel Nobelovu c... | Ernest Hemingway, Stařec a moře | 1 | |
| 9. | Přiřaďte laureáty Nobelových c... | 1A 2C 3D 4B | 0 | |
| 10. | Vyberte nepravdivé tvrzení o p... | C | 0 |